Statistics for Ends in "-tor" Part 2

Click here to take the quiz!

General Stats

  • This quiz has been taken 24 times
  • The average score is 12 of 22

Answer Stats

HintAnswer% Correct
One who comes to see you, perhaps for an overnight stayVisitor
100%
One who cleans up around a school or office buildingJanitor
90%
One who comes up with new ideas or products and often receives a patent for doing soInventor
81%
One who is always "putting things off" until laterProcrastinator
81%
This electronic device (or app) does the math so we don't have toCalculator
71%
Popular portable radios in the 1960s were named for this tiny electrical component, which replaced the vacuum tubeTransistor
71%
A health care professional who may adjust your spineChiropractor
62%
Semi-circular device used for tracing circles and marking anglesProtractor
62%
A computer screen, one who patrols the halls ("No running!"), a large lizard or a famous US Civil War ironclad shipMonitor
57%
A bird of prey, like a falcon or a hawkRaptor
57%
The vertical shaft that spins the blades on a helicopterRotor
57%
Legendary rock and roll music producer Phil, or his first wife, Ronnie of "Ronettes" fameSpector
57%
In Christian churches, this clergy person is in charge of a congregationPastor
48%
One who pans or mines for gold (like the gent pictured in this quiz)Prospector
48%
A piece of safety gear often found on bicycles, running shoes or lining the sides of roads and highwaysReflector
38%
A type of earth-moving machinery, handy for digging holes or trenchesExcavator
33%
One who sees to it that your last will and testament is carried out as you intendedExecutor
33%
A critic, often a harsh oneDetractor
24%
A popular construction toy kit consisting of girders and beams, nuts and bolts: An _______ SetErector
24%
The thing that spins the shaft on a helicopter or other machines, like cars and fansMotor
24%
Old time coffee pot with the little glass bubble on the lidPercolator
19%
One who evades conscription (i.e., the Draft), or a common electronics componentResistor
14%

Score Distribution

Percentile by Number Answered

Percent of People with Each Score

Your Score History

You have not taken this quiz